000 00480nam a2200169Ia 4500
999 _c19320
_d19320
082 _aRR 920.008 RIK-
245 0 _aRickshaw: ek mahagatha:pehachan, sangharsh aur dawedari
260 _aNew Delhi
_bVaani Prakashan
_c2004
300 _a228
440 _aSarokar: adhyayanmala
504 _aincludes reference
650 _aRickshaw men
_vSocial conditions
650 _aSocial problems
650 _aRickshaw men
_vEconomic conditions
700 _aRajendra Ravi
942 _cBK